IBM microcomputers : a programmer's handbook
Saved in:
| Main Author: | |
|---|---|
| Other Authors: | |
| Format: | Book |
| Language: | English |
| Published: |
New York :
McGraw-Hill,
c1990
|
| Series: | J. Ranade IBM series
|
| Subjects: | |
| Tags: |
Add Tag
No Tags, Be the first to tag this record!
|
MARC
| LEADER | 00000nam a2200000 i 4500 | ||
|---|---|---|---|
| 001 | 1/41757 | ||
| 008 | 971124s1990 eng d | ||
| 020 | |a 0-07-054594-4 | ||
| 035 | |a 1997 |c ΔΩΡΕΑ ΤΖΑΦΕΡΗ |l 10041590 | ||
| 040 | |a GR-MY-UA |b gre |e aacr | ||
| 041 | 0 | |a eng | |
| 082 | 0 | |a 005.265 | |
| 100 | 1 | |a Sanchez, Julio |d 1938- | |
| 245 | 1 | 0 | |a IBM microcomputers : |b a programmer's handbook / |c Julio Sanchez, Maria P. Canton |
| 260 | |a New York : |b McGraw-Hill, |c c1990 | ||
| 300 | |a xiii, 503 p.; |b ill.; |c 24 cm. | ||
| 490 | 1 | |a J. Ranade IBM series | |
| 500 | |a Includes bibliographical references (p. 489-491) and index | ||
| 650 | 0 | 0 | |a IBM microcomputers |x Programming. |
| 700 | 1 | |a Canton, Maria P. | |
| 830 | 0 | |a J. Ranade IBM series | |
| 852 | |a INST |b SAMOS |e 19971124 |h 005.265 SAN |p 005300008448 |q 005300008448 |t BK |y 0 | ||
| 901 | |a BIBL-1997-2 | ||
| 909 | |a Σ |b 050448 | ||